Diccionario de símbolos / (Record no. 44166)

MARC details
000 -LEADER
campo de control de longitud fija 00588nam a2200193 i 4500
001 - NÚMERO DE CONTROL
campo de control 44166
003 - IDENTIFICADOR DE NÚMERO DE CONTROL
campo de control ES-MaACL
005 - FECHA Y HORA DE LA ÚLTIMA TRANSACCIÓN
campo de control 20251017063045.0
007 - CAMPO FIJO DE DESCRIPCIÓN FÍSICA--INFORMACIÓN GENERAL
campo de control de longitud fija t|
008 - DATOS DE LONGITUD FIJA--INFORMACIÓN GENERAL
campo de control de longitud fija 030320s1969 sp ||||1| spa d
100 1# - ENTRADA PRINCIPAL--NOMBRE DE PERSONA
Nombre de persona Cirlot, Juan-Eduardo,
Fechas asociadas al nombre 1916-1973
9 (RLIN) 38898
245 10 - MENCIÓN DEL TÍTULO
Título Diccionario de símbolos /
Mención de responsabilidad, etc. Juan-Eduardo Cirlot.
250 ## - MENCION DE EDICION
Mención de edición [nueva ed. rev. y ampl.].
260 ## - PUBLICACIÓN, DISTRIBUCIÓN, ETC.
Lugar de publicación, distribución, etc. [Barcelona] :
Nombre del editor, distribuidor, etc. Labor,
Fecha de publicación, distribución, etc. [1969]
300 ## - DESCRIPCIÓN FÍSICA
Extensión 494 p. :
Otras características físicas il. ;
Dimensiones 24 cm.
650 #4 - PUNTO DE ACCESO ADICIONAL DE MATERIA--TÉRMINO DE MATERIA
Término de materia o nombre geográfico como elemento de entrada Signos y símbolos-
Subdivisión de forma Diccionarios.
9 (RLIN) 159051
852 ## - LOCALIZACIÓN
Ubicación ES-MaACL
Número de control de estantería C-36171
Sublocalización o colección R.69258
Holdings
Estatus retirado Estado de pérdida Estado de daño No para préstamo Colección Biblioteca de origen Biblioteca actual Ubicación en estantería Fecha de adquisición Fuente de adquisición Total de préstamos Signatura topográfica completa Código de barras Visto por última vez Precio de reemplazo Tipo de ítem Koha
        Colección de referencia Biblioteca del Ateneo de Madrid Biblioteca del Ateneo de Madrid Depósito 2 17/01/2008     C-36171 1046484 23/02/2023 23/02/2023 Libro impreso